000
00259nam a2200109 a 4500
008
101208s1970|||| d
245
1
0
_a
Krása slovenských pamiatkových kostolov
044
_a
CZ
041
_a
cze
260
_b
REFO
_a
Praha
_c
1970
020
_c
60
999
_c
14894
_d
14894